Труды Шатиловской сельскохозяйственной опытной станции. №1: Методика исследования нитрификационного процесса в почве колориметрическим способом Грандваля-Ляжу (Запись № 1942625)

Подробности
000 -МАРКЕР
контрольное поле 01994nam2a22002771 4500
001 - ИДЕНТИФИКАТОР ЗАПИСИ
контрольное поле RU\NLR\INFOCOMM18\5000174829
005 - ИДЕНТИФИКАТОР ВЕРСИИ
контрольное поле 20250617034815.0
035 ## - ДРУГИЕ СИСТЕМНЫЕ НОМЕРА
Идентификатор записи (NLR Aleph) 002425273
100 ## - ДАННЫЕ ОБЩЕЙ ОБРАБОТКИ
Данные общей обработки 20050201d1915 |||y0rusy50 ca
101 0# - ЯЗЫК РЕСУРСА
Язык текста, звукозаписи и т.д. русский
102 ## - СТРАНА ПУБЛИКАЦИИ ИЛИ ПРОИЗВОДСТВА
Страна публикации Российская Федерация
105 ## - ПОЛЕ КОДИРОВАННЫХ ДАННЫХ: ТЕКСТОВЫЕ МАТЕРИАЛЫ, МОНОГРАФИЧЕСКИЕ
Кодированные данные о монографическом текстовом документе y ||||000|y
200 1# - ЗАГЛАВИЕ И СВЕДЕНИЯ ОБ ОТВЕТСТВЕННОСТИ
Основное заглавие Методика исследования нитрификационного процесса в почве колориметрическим способом Грандваля-Ляжу
Первые сведения об ответственности А.Н. Лебедянцев
210 ## - ПУБЛИКАЦИЯ, РАСПРОСТРАНЕНИЕ И ДР.
Дата издания, распространения и т.д. 1915
Место издания, распространения и т.д. Б. м.
225 1# - СЕРИЯ
Основное заглавие серии ...
Обозначение тома №1
Наименование части ...
Обозначение тома Вып.1
461 #0 - УРОВЕНЬ НАБОРА
Встроенное поле 001RU\NLR\INFOCOMM31\5000144122
-- 2001#$aТруды Шатиловской сельскохозяйственной опытной станции$v№1
Системный номер (АБИС) связанной записи 2012455
Автор Шатиловская сельскохозяйственная опытная станция
Место публикации Орел
Дата публикации 1915-1933
Имя издателя, распространителя и т.д. Орловск. отд-ние Госизд-ва
Заглавие Труды Шатиловской сельскохозяйственной опытной станции
Номер тома №1
462 #0 - УРОВЕНЬ ПОДНАБОРА
Встроенное поле 001RU\NLR\INFOCOMM18\5000174814
-- 2001#$aТруды Шатиловской сельскохозяйственной опытной станции$hСерия 1$iХимическая лаборатория$fН.К.З. Опытный отд.$vВып.1
Системный номер (АБИС) связанной записи 1942616
Автор Шатиловская сельскохозяйственная опытная станция
Место публикации Орел
Дата публикации 1915-1933
Первые сведения об ответственности Н.К.З. Опытный отд.
Номер части Серия 1
Заглавие части Химическая лаборатория
Заглавие Труды Шатиловской сельскохозяйственной опытной станции. - Труды Шатиловской сельскохозяйственной опытной станции
Номер тома Вып.1
700 #1 - ИМЯ ЛИЦА - ПЕРВИЧНАЯ ОТВЕТСТВЕННОСТЬ
Начальный элемент ввода Лебедянцев
Часть имени, кроме начального элемента ввода А.Н.
Код отношения Автор
801 #1 - ИСТОЧНИК ЗАПИСИ
Страна Российская Федерация
Организация InfoComm
Дата составления 20050201
801 #0 - ИСТОЧНИК ЗАПИСИ
Страна Российская Федерация
Организация NLR
Правила каталогизации PSBO
852 ## - МЕСТОНАХОЖДЕНИЕ И ШИФР ХРАНЕНИЯ
Идентификатор организации NLR
Шифр хранения (Call Number) 17.134.3.13
942 ## - ДОПОЛНИТЕЛЬНЫЕ ЭЛЕМЕНТЫ ЗАПИСИ (АБИС)
Тип экземпляра АБИС Выпуск
980 ## - КОЛЛЕКЦИЯ
Название коллекции Национальная библиография
980 ## - КОЛЛЕКЦИЯ
Название коллекции Русская периодика

Нет доступных экземпляров.